Harry Potter and ASOIAF Title Words Quiz Stats

 Plays Quiz Updated Aug 7, 2019

Score 0/21 Timer 01:00
1 Play Today
Question Answer Wrong Answers
Chamber Harry Potter
96.7%
A Song of Ice and Fire
0.2%
Azkaban Harry Potter
96.5%
A Song of Ice and Fire
0.3%
Hallows Harry Potter
96.3%
A Song of Ice and Fire
0.5%
Goblet Harry Potter
96.3%
A Song of Ice and Fire
0.5%
Phoenix Harry Potter
96.3%
A Song of Ice and Fire
0.6%
Kings A Song of Ice and Fire
96.3%
Harry Potter
0.6%
Deathly Harry Potter
96.3%
A Song of Ice and Fire
0.5%
Prisoner Harry Potter
96.2%
A Song of Ice and Fire
0.6%
Crows A Song of Ice and Fire
96.1%
Harry Potter
0.7%
Thrones A Song of Ice and Fire
96.1%
Harry Potter
0.8%
Storm A Song of Ice and Fire
96.1%
Harry Potter
0.9%
Clash A Song of Ice and Fire
95.9%
Harry Potter
0.9%
Order Harry Potter
95.7%
A Song of Ice and Fire
1%
Swords A Song of Ice and Fire
95.6%
Harry Potter
1.3%
Dance A Song of Ice and Fire
95.2%
Harry Potter
1.7%
Game A Song of Ice and Fire
94.4%
Harry Potter
2.4%
Stone Harry Potter
94.3%
A Song of Ice and Fire
2.6%
Dragons A Song of Ice and Fire
94.2%
Harry Potter
2.8%
Feast A Song of Ice and Fire
93.9%
Harry Potter
3.1%
Prince Harry Potter
93.5%
A Song of Ice and Fire
3.4%
Secrets Harry Potter
91.5%
A Song of Ice and Fire
5.4%

You're not logged in!

Compare scores with friends on all Sporcle quizzes.
OR
Log In

Sporcle TV

Today on Sporcle TV


Watch our educational content, quiz creation guides, and fun videos on Sporcle TV.

Show Comments

Extras

Top Quizzes Today


Score Distribution

Your Account Isn't Verified!

In order to create a playlist on Sporcle, you need to verify the email address you used during registration. Go to your Sporcle Settings to finish the process.

Report this User

Report this user for behavior that violates our Community Guidelines.

Details: